Técnicas modernas de gestion: métodos matemáticos para la toma de decisiones

Сохранить в:
Библиографические подробности
Главный автор: Lindsay, Franklin A. (autor)
Формат:
Язык:английский
Опубликовано: Nueva York McGraw-Hill 1966
Предметы:
Метки: Добавить метку
Нет меток, Требуется 1-ая метка записи!

MARC

LEADER 00000nam a2200000 a 4500
001 UCU6735
003 CL-VaPUC
008 960621e19660000US |||||||||||||||||eng|d
082 0 4 |a 658.403  |b LIN  |2 21 
100 |a Lindsay, Franklin A.  |e autor  |9 365081 
245 1 0 |a Técnicas modernas de gestion: métodos matemáticos para la toma de decisiones 
300 |a 197 p 
942 |c BK 
945 |d 19960621 00:00:00  |a paguirre 
260 |a Nueva York  |b McGraw-Hill  |c 1966 
650 0 |a Administración  |9 259325 
650 0 |a Gestión   |9 260993 
650 0 |a Toma de decisiones   |9 257530 
650 0 |a Matemática aplicada   |9 260236 
583 |a last modification  |c 20190713 21:44:19  |k Rodrigo Vera 
999 |c 249557  |d 249555 
952 |0 0  |1 0  |4 0  |6 658_403000000000000_LIN_1966  |7 0  |8 A  |9 266855  |a BIBGIM  |b BIBGIM  |d 2019-11-19  |i 1412906  |o 658.403 LIN 1966  |p 1412906  |r 2025-01-15  |w 2019-11-19  |y BK  |k COM